Codex alimentarius : Organically produced foods

Saved in:
Bibliographic Details
Format: Book
Language:Undetermined
Published: Rome FAO 2006
Subjects:
Tags: Add Tag
No Tags, Be the first to tag this record!
Institutions: Trung tâm Học liệu Trường Đại học Cần Thơ
LEADER 00476nam a2200181Ia 4500
001 CTU_104470
008 210402s9999 xx 000 0 und d
082 |a 363.19262 
082 |b C651 
245 0 |a Codex alimentarius : 
245 0 |b Organically produced foods 
260 |a Rome 
260 |b FAO 
260 |c 2006 
650 |a Food law and legislation,Natural foods 
650 |x Standards 
904 |i Minh 
980 |a Trung tâm Học liệu Trường Đại học Cần Thơ